000 00706cab a2200253 4500
001 WB3342-06
008 090401t1997 xxu||||| |||| 00| 0 eng d
035 _a(Sirsi) u81762
041 _aeng
245 _aWales commercial property
260 _c1997
350 _a0
490 _aWestern Mail Supplement
_vOctober 1997, (31)
520 _aSupplement on different aspects of commercial property in Wales. Case studies.
650 _aPROPERTY-COMMERCIAL PROPERTY
650 _aLEISURE DEVELOPMENT
650 _aMID GLAMORGAN
650 _aPUBLIC HOUSE MARKET
650 _aSWANSEA VALE
650 _aWALES
690 _aPROPERTY-COMMERCIAL PROPERTY
942 _n0
948 _c29/10/1997
999 _c51548
_d51548